Quizzes
Events
Quiz Creation
Community
Videos
Private Events
Remove Ads
Sign In
Join for FREE
Feedback
Dark Mode
Quiz Categories
Sports
Geography
Music
Movies
Television
Just For Fun
Miscellaneous
History
Literature
Language
Science
Gaming
Entertainment
Religion
Holiday
For Kids
Quiz Lab
Recent
Popular Today
Quiz Kudos Today
Editor Picks
Curator Picks
Quizzes by...
Day
Popularity
Type
Ratings
Length
Year
Community
Subscriptions
Recent Discussions
Orange Saloon
Badges
Playlists
Quests
Create
Leaderboards
Showdown
Live 5
Trivia Bingo
Activity
Puzzle Library
Sporcle Events
Private Events
Virtual Trivia
Globe League
Become a Host
Pub Owners
SporcleCon
Opinionation
Our Games
Videos
Blog
Mobile Apps
Partnerships
Remove Ads and Go Orange
Feedback
Sports
Athletes
MLB
NBA
NHL
NFL
Soccer
Sports Teams
WWE
NCAA
Football
Premier League
Basketball
Baseball
Hockey
Golf
Tennis
Cricket
Rugby
Auto Racing
Olympics
World Cup
Sports
Athletes
MLB
NBA
NHL
NFL
Soccer
Sports Teams
WWE
NCAA
Football
Premier League
Basketball
Baseball
Hockey
Golf
Tennis
Cricket
Rugby
Auto Racing
Olympics
World Cup
Random Quiz
Search Sporcle
×
Quiz Lab
Quiz Lab
Sports
Football
Type in answers that appear in a list
Type in answers that appear in a list
Classic
Best Score? Go Orange.
Teams in Europe's Top Five Leagues Stats
Can you name the teams in Europe's top five leagues?
By
Lithium
12m
98 Questions
215 Plays
215 Plays
215 Plays
Comments
Comments
Give Quiz Kudos
Give Quiz Kudos
-
- Ratings
hide this ad
More Info
Replay
Link that replays current quiz
Next Quiz
Link to next quiz in quiz playlist
You Got
0%
They Got
Avg Score
66%
Avg Friend Score
Upgrade to see
Score Distribution
Jump to the score distribution portion of the page
Score
0/98
Timer
12:00
0
Plays Today
Answer
% Correct
Manchester City
92.1%
Manchester United
91.6%
Real Madrid
91.1%
Arsenal
90.7%
Barcelona
90.7%
Tottenham Hotspur
90.2%
Atlético Madrid
89.3%
Chelsea
88.8%
Juventus
88.8%
Milan
88.8%
Liverpool
88.3%
Inter Milan
88.3%
Bayern Munich
88.3%
Paris Saint-Germain
87.4%
Everton
86.4%
Borussia Dortmund
86.4%
West Ham United
85.5%
Roma
85%
Valencia
84.6%
Sevilla
83.2%
Bournemouth
82.2%
Southampton
81.3%
Olympique Lyonnais
81.3%
Brighton & Hove Albion
80.8%
Napoli
80.8%
AS Monaco
80.8%
Newcastle United
79.9%
Olympique de Marseille
79.9%
Leicester City
79.4%
Watford
79.4%
Lazio
79.4%
Burnley
79%
Crystal Palace
78.5%
Answer
% Correct
Athletic Club
78.5%
Fulham
78%
Wolverhampton Wanderers
76.6%
Cardiff City
76.2%
Huddersfield Town
75.2%
Schalke 04
75.2%
Bayer Leverkusen
74.8%
Real Betis
71.5%
Lille
71%
Real Sociedad
70.6%
Fiorentina
69.2%
Villarreal
68.7%
Torino
68.7%
VfL Wolfsburg
68.7%
Sampdoria
66.8%
OGC Nice
66.8%
RB Leipzig
66.4%
Werder Bremen
65.9%
Atalanta
65.4%
Udinese
65%
Borussia Mönchengladbach
64.5%
1899 Hoffenheim
64.5%
Girondins de Bordeaux
64.5%
Genoa
64%
Chievo
63.6%
Eintracht Frankfurt
63.1%
Eibar
62.6%
Montpellier HSC
62.6%
Hertha BSC
62.1%
VfB Stuttgart
61.7%
Parma
61.2%
Nantes
60.3%
Espanyol
59.8%
Answer
% Correct
Alavés
58.9%
Stade Rennais
57.9%
Toulouse
57.9%
Saint-Étienne
55.6%
Celta Vigo
55.1%
Sassuolo
55.1%
Bologna
53.7%
Getafe
53.3%
Levante
52.8%
Cagliari
52.3%
Valladolid
50%
Girona
48.6%
SPAL
48.1%
Mainz 05
48.1%
Empoli
46.7%
FC Augsburg
46.7%
Hannover 96
44.9%
Strasbourg
44.4%
SC Freiburg
43.9%
Fortuna Düsseldorf
42.1%
Dijon
42.1%
SM Caen
41.6%
Angers
41.1%
Frosinone
40.7%
Amiens
40.7%
Leganés
39.3%
Rayo Vallecano
38.8%
Stade de Reims
38.3%
Huesca
37.9%
EA Guingamp
37.4%
1. FC Nürnberg
34.1%
Nîmes
31.8%
Quiz Playlist
Details
Report
Send in Message
Add To Playlist
More Info:
Name all 98 teams in Europe's top five leagues - in England, Spain, Italy, France and Germany - for the 2018/19 season
Classic:
Type in answers that appear in a list
Last Updated: Nov 24, 2018
Quiz Scoreboard
CHALLENGE
Sign Up to Join the Scoreboard
Show All
Scores
Hide
Comments
May contain spoilers
Recently Published
Billboard Blitz: Fleetwood Mac
by CooCooCachoo
Music
15s
Presidents Visiting Landmarks
by Hejman
History
7m
An Introduction to Baseball
by treessimontrees
Sports
5m
More to Explore
Quiz From the Vault
Featured Blog Post
Where Did the Easter Bunny Come From?
hide this ad
You Might Also Like...
Tags
Europe Quiz
Football Quiz
Premier League Quiz
Soccer Quiz
bundesliga
La Liga
Ligue 1
Serie A
Today's Top Quizzes in Sports
Browse Sports
hide this ad
Today's Top Quizzes in Football
Browse Football
Top Contributed Quizzes in Sports
1
Les meilleurs buteurs des matchs entre le PSG et l’OM
2
2022 World Cup Stars
3
FIFA Club World Cup Champions
4
Les entraîneurs de l'OM et du PSG au 21e siècle
5
Criteria MLB: Left Handed Sluggers
6
AFC Teams Reveal (Wrong Answers Minefield)
7
5-to-1: UK Sports Teams
8
Name the Premier League winners with different clubs
9
5-to-1: FBS Animal Nicknames
10
Players with Multiple 50 Home Run Seasons
Explore More
Trending Topics
Anime
NBA
Kpop
Marvel
Crossword
Harry Potter
Disney
The Office
NFL
Country
Soccer
Song
Puzzle
WWE
Pokémon
hide this ad
More By:
Lithium
Quiz
Plays
Rating
Category
Featured
Created
Champions League Winners By Year
1,287
5.00
Sports
Nov 25, 2018
Barcelona League Scorers Since Guardiola
532
4.00
Sports
Nov 25, 2018
Teams in Europe's Top Five Leagues
215
Sports
Nov 24, 2018
Atlético Madrid Scorers Under Simeone
168
Sports
Nov 29, 2018
Atlético Madrid Players Under Simeone
164
5.00
Sports
Nov 28, 2018
Go to Creator's Profile
Score Distribution
Quiz Creator Spotlight
Lithium
Follow
Send a Message
Quizzes Created
-
Created Quiz Play Count
-
More By This Creator
Popular Quizzes Today
1
Find the US States - No Outlines Minefield
2
Find the Countries of Europe - No Outlines Minefield
3
The Countries of the World
4
Find the US States
5
Risky Map Clicking: Biggest States A-Z
6
US States
7
Popular People in 1961
8
Movies - When Are They Set?
More Sports Quizzes
NHL Arenas
Curator's Pick
Trending Quizzes
Risky Map Clicking: Least Populous States A-Z
1-10 Letter G Words
1-10 Letter F Words
Risky Map Clicking: Next State Alphabetically
Risky Map Clicking: Biggest States A-Z
Recently Updated
Leaping Animals
pecheneg
Reality TV Shows (A-Z)
bhenderson79
Rickey Henderson's Hall of Fame Teammates
pecheneg
Champions League XIs: Arsenal
pecheneg
Quick Pick: Celebrities in WWE's Hall of Fame
aduchscher
A-Z Keypad Blitz II
pecheneg
Multiple Oscar Actors
pecheneg
Mystery Phrase Blitz: Oscar 'Best Actors'
pecheneg
F. Scott Fitzgerald Novels
LTH
Pick 3 Villains
ddd62291
Trending Topics
Crossword
Harry Potter
Anime
Kpop
Marvel
NBA
Disney
Song
Country
NFL
The Office
Soccer
Pokémon
Puzzle
WWE
Your Account Isn't Verified!
In order to create a playlist on Sporcle, you need to verify the email address you used during registration. Go to your
Sporcle Settings
to finish the process.
Report this User
Report this user for behavior that violates our
Community Guidelines
.
Details:
Send Report
Go to the Sporcle.com Mobile Site →
Comments